|
|
|
|
| LEADER |
00000nam a2200000 a 4500 |
| 001 |
vtls010545251 |
| 003 |
SK-MaSNL |
| 005 |
20260301214800.0 |
| 008 |
240318 1891 hu 000 0 slo |
| 040 |
|
|
|a SNK
|b slo
|c SNK
|e AACR2
|
| 041 |
0 |
|
|a slo
|
| 044 |
|
|
|a hu
|
| 100 |
1 |
|
|a Kuttner, Alexander
|4 aut
|9 292604
|
| 245 |
1 |
0 |
|a Zemepis
|b so zvláštnym ohľadom na krajiny sv. Koruny Uhorskej
|c Alexander Kuttner; pre ľudové školy prepracovali Vilhelm Suppan a Albert Lauko, do reči slovenskej preložil D. Bogyánszky
|
| 260 |
|
|
|a Budapest
|b Vyd. cis. a kráľ. dvornieho knihkupectva Roberta Lampel
|c 1891
|
| 300 |
|
|
|a 111 s.
|e mapa
|
| 500 |
|
|
|a Mapa súčasť knihy
|
| 958 |
|
|
|a ONDV
|
| 999 |
|
|
|c 925883
|d 927813
|
| 952 |
|
|
|a SNK
|b SNK
|y PREZ
|7 0
|p 17A0850871
|o snkSD 338
|i snk778/27
|0 0
|1 0
|4 0
|d 2013-09-23
|l 0
|r 2025-10-15 00:00:00
|w 2026-02-24
|